<?xml version="1.0" encoding="UTF-8"?>
<collection xmlns="http://www.loc.gov/MARC21/slim">
 <record>
  <leader>02606nam a22003137a 4500</leader>
  <controlfield tag="001">NCT_34800</controlfield>
  <controlfield tag="008">180509b        xxu||||| |||| 00| 0 vie d</controlfield>
  <datafield tag="999" ind1=" " ind2=" ">
   <subfield code="c">1680</subfield>
   <subfield code="d">1680</subfield>
  </datafield>
  <datafield tag="020" ind1=" " ind2=" ">
   <subfield code="c">34500</subfield>
  </datafield>
  <datafield tag="082" ind1="0" ind2="4">
   <subfield code="2">23rd ed.</subfield>
   <subfield code="a">612.015</subfield>
   <subfield code="b">Th500</subfield>
  </datafield>
  <datafield tag="245" ind1="0" ind2="0">
   <subfield code="a">Hóa sinh lâm sàng</subfield>
   <subfield code="b">: Tài liệu dùng trong các trường trung học y tế</subfield>
   <subfield code="c">Bộ Y Tế; Lê Thị Kim Thu (biên soạn)</subfield>
  </datafield>
  <datafield tag="250" ind1=" " ind2=" ">
   <subfield code="a">Tái bản lần thứ 2 có sữa chữa và bổ sung</subfield>
  </datafield>
  <datafield tag="260" ind1=" " ind2=" ">
   <subfield code="a">H.</subfield>
   <subfield code="b">Y học</subfield>
   <subfield code="c">2005</subfield>
  </datafield>
  <datafield tag="300" ind1=" " ind2=" ">
   <subfield code="a">283 tr.</subfield>
   <subfield code="b">Bảng</subfield>
   <subfield code="c">27cm</subfield>
  </datafield>
  <datafield tag="520" ind1="3" ind2=" ">
   <subfield code="a">Nội dung gồm 4 phần: - Các chất xúc tác sinh vật học - Cấu tạo chuyển hóa các chất - Sinh hóa cơ quan và các dịch, một số bệnh học liên quan - Thực hành</subfield>
  </datafield>
  <datafield tag="653" ind1=" " ind2=" ">
   <subfield code="a">Dược học</subfield>
  </datafield>
  <datafield tag="700" ind1="1" ind2=" ">
   <subfield code="a">Lê Thị Kim Thu</subfield>
   <subfield code="e">Biên soạn</subfield>
  </datafield>
  <datafield tag="942" ind1=" " ind2=" ">
   <subfield code="2">ddc</subfield>
   <subfield code="c">BK</subfield>
  </datafield>
  <datafield tag="952" ind1=" " ind2=" ">
   <subfield code="0">0</subfield>
   <subfield code="1">0</subfield>
   <subfield code="2">ddc</subfield>
   <subfield code="4">0</subfield>
   <subfield code="6">612_015000000000000_TH500</subfield>
   <subfield code="7">0</subfield>
   <subfield code="9">7992</subfield>
   <subfield code="a">000001</subfield>
   <subfield code="b">000001</subfield>
   <subfield code="d">2018-05-09</subfield>
   <subfield code="o">612.015 Th500</subfield>
   <subfield code="p">MD.04180</subfield>
   <subfield code="r">2018-05-09</subfield>
   <subfield code="v">34500.00</subfield>
   <subfield code="w">2018-05-09</subfield>
   <subfield code="y">BK</subfield>
  </datafield>
  <datafield tag="952" ind1=" " ind2=" ">
   <subfield code="0">0</subfield>
   <subfield code="1">0</subfield>
   <subfield code="2">ddc</subfield>
   <subfield code="4">0</subfield>
   <subfield code="6">612_015000000000000_TH500</subfield>
   <subfield code="7">0</subfield>
   <subfield code="9">7993</subfield>
   <subfield code="a">000001</subfield>
   <subfield code="b">000001</subfield>
   <subfield code="d">2018-05-09</subfield>
   <subfield code="o">612.015 Th500</subfield>
   <subfield code="p">MD.04181</subfield>
   <subfield code="r">2018-05-09</subfield>
   <subfield code="v">34500.00</subfield>
   <subfield code="w">2018-05-09</subfield>
   <subfield code="y">BK</subfield>
  </datafield>
  <datafield tag="952" ind1=" " ind2=" ">
   <subfield code="0">0</subfield>
   <subfield code="1">0</subfield>
   <subfield code="2">ddc</subfield>
   <subfield code="4">0</subfield>
   <subfield code="6">612_015000000000000_TH500</subfield>
   <subfield code="7">0</subfield>
   <subfield code="9">7994</subfield>
   <subfield code="a">000001</subfield>
   <subfield code="b">000001</subfield>
   <subfield code="d">2018-05-09</subfield>
   <subfield code="l">1</subfield>
   <subfield code="o">612.015 Th500</subfield>
   <subfield code="p">MD.04182</subfield>
   <subfield code="r">2019-11-27</subfield>
   <subfield code="s">2019-11-04</subfield>
   <subfield code="v">34500.00</subfield>
   <subfield code="w">2018-05-09</subfield>
   <subfield code="y">BK</subfield>
  </datafield>
  <datafield tag="952" ind1=" " ind2=" ">
   <subfield code="0">0</subfield>
   <subfield code="1">0</subfield>
   <subfield code="2">ddc</subfield>
   <subfield code="4">0</subfield>
   <subfield code="6">612_015000000000000_TH500</subfield>
   <subfield code="7">0</subfield>
   <subfield code="9">7995</subfield>
   <subfield code="a">000001</subfield>
   <subfield code="b">000001</subfield>
   <subfield code="d">2018-05-09</subfield>
   <subfield code="l">1</subfield>
   <subfield code="o">612.015 Th500</subfield>
   <subfield code="p">MD.04183</subfield>
   <subfield code="r">2018-09-03</subfield>
   <subfield code="s">2018-08-30</subfield>
   <subfield code="v">34500.00</subfield>
   <subfield code="w">2018-05-09</subfield>
   <subfield code="y">BK</subfield>
  </datafield>
  <datafield tag="952" ind1=" " ind2=" ">
   <subfield code="0">0</subfield>
   <subfield code="1">0</subfield>
   <subfield code="2">ddc</subfield>
   <subfield code="4">0</subfield>
   <subfield code="6">612_015000000000000_TH500</subfield>
   <subfield code="7">0</subfield>
   <subfield code="9">7996</subfield>
   <subfield code="a">000001</subfield>
   <subfield code="b">000001</subfield>
   <subfield code="d">2018-05-09</subfield>
   <subfield code="o">612.015 Th500</subfield>
   <subfield code="p">MD.04184</subfield>
   <subfield code="r">2018-05-09</subfield>
   <subfield code="v">34500.00</subfield>
   <subfield code="w">2018-05-09</subfield>
   <subfield code="y">BK</subfield>
  </datafield>
  <datafield tag="952" ind1=" " ind2=" ">
   <subfield code="0">0</subfield>
   <subfield code="1">0</subfield>
   <subfield code="2">ddc</subfield>
   <subfield code="4">0</subfield>
   <subfield code="6">612_015000000000000_TH500</subfield>
   <subfield code="7">0</subfield>
   <subfield code="9">7997</subfield>
   <subfield code="a">000001</subfield>
   <subfield code="b">000001</subfield>
   <subfield code="d">2018-05-09</subfield>
   <subfield code="l">1</subfield>
   <subfield code="o">612.015 Th500</subfield>
   <subfield code="p">MD.04185</subfield>
   <subfield code="r">2020-06-06</subfield>
   <subfield code="s">2020-05-25</subfield>
   <subfield code="v">34500.00</subfield>
   <subfield code="w">2018-05-09</subfield>
   <subfield code="y">BK</subfield>
  </datafield>
  <datafield tag="952" ind1=" " ind2=" ">
   <subfield code="0">0</subfield>
   <subfield code="1">0</subfield>
   <subfield code="2">ddc</subfield>
   <subfield code="4">0</subfield>
   <subfield code="6">612_015000000000000_TH500</subfield>
   <subfield code="7">0</subfield>
   <subfield code="9">7998</subfield>
   <subfield code="a">000001</subfield>
   <subfield code="b">000001</subfield>
   <subfield code="d">2018-05-09</subfield>
   <subfield code="l">2</subfield>
   <subfield code="o">612.015 Th500</subfield>
   <subfield code="p">MD.04186</subfield>
   <subfield code="r">2021-01-25</subfield>
   <subfield code="s">2021-01-18</subfield>
   <subfield code="v">34500.00</subfield>
   <subfield code="w">2018-05-09</subfield>
   <subfield code="y">BK</subfield>
  </datafield>
  <datafield tag="952" ind1=" " ind2=" ">
   <subfield code="0">0</subfield>
   <subfield code="1">0</subfield>
   <subfield code="2">ddc</subfield>
   <subfield code="4">0</subfield>
   <subfield code="6">612_015000000000000_TH500</subfield>
   <subfield code="7">0</subfield>
   <subfield code="9">7999</subfield>
   <subfield code="a">000001</subfield>
   <subfield code="b">000001</subfield>
   <subfield code="d">2018-05-09</subfield>
   <subfield code="l">1</subfield>
   <subfield code="o">612.015 Th500</subfield>
   <subfield code="p">MD.04187</subfield>
   <subfield code="r">2020-06-05</subfield>
   <subfield code="s">2020-05-22</subfield>
   <subfield code="v">34500.00</subfield>
   <subfield code="w">2018-05-09</subfield>
   <subfield code="y">BK</subfield>
  </datafield>
  <datafield tag="952" ind1=" " ind2=" ">
   <subfield code="0">0</subfield>
   <subfield code="1">0</subfield>
   <subfield code="2">ddc</subfield>
   <subfield code="4">0</subfield>
   <subfield code="6">612_015000000000000_TH500</subfield>
   <subfield code="7">0</subfield>
   <subfield code="9">8000</subfield>
   <subfield code="a">000001</subfield>
   <subfield code="b">000001</subfield>
   <subfield code="d">2018-05-09</subfield>
   <subfield code="l">1</subfield>
   <subfield code="o">612.015 Th500</subfield>
   <subfield code="p">MD.04188</subfield>
   <subfield code="r">2019-10-02</subfield>
   <subfield code="s">2019-09-18</subfield>
   <subfield code="v">34500.00</subfield>
   <subfield code="w">2018-05-09</subfield>
   <subfield code="y">BK</subfield>
  </datafield>
  <datafield tag="952" ind1=" " ind2=" ">
   <subfield code="0">0</subfield>
   <subfield code="1">0</subfield>
   <subfield code="2">ddc</subfield>
   <subfield code="4">0</subfield>
   <subfield code="6">612_015000000000000_TH500</subfield>
   <subfield code="7">0</subfield>
   <subfield code="9">8001</subfield>
   <subfield code="a">000001</subfield>
   <subfield code="b">000001</subfield>
   <subfield code="d">2018-05-09</subfield>
   <subfield code="l">1</subfield>
   <subfield code="o">612.015 Th500</subfield>
   <subfield code="p">MD.04189</subfield>
   <subfield code="r">2019-11-11</subfield>
   <subfield code="s">2019-10-31</subfield>
   <subfield code="v">34500.00</subfield>
   <subfield code="w">2018-05-09</subfield>
   <subfield code="y">BK</subfield>
  </datafield>
  <datafield tag="980" ind1=" " ind2=" ">
   <subfield code="a">Thư viện Trường Đại học Nam Cần Thơ</subfield>
  </datafield>
 </record>
</collection>
